00325nam a2200121Ia 4500008004100000041001200041082002500053100001900078245006700097260001900164300001200183650000800195231217s9999 xx 000 0 und d aEnglish a001.6424C LAF;1 R1 aLafore, Robert 0aObject oriented programming in microsoft C++ (The waite group) c1992bGalgotia axxv+756 aC++